Оптические приборы наведенния и ориентации космические аппаратов

Библиографические подробности
Главный автор: Ивандиков Я. М. Яков Моисеевич
Язык:русский
Опубликовано: Москва, Машиностроение, 1979
Предметы:
Формат: Книга
Запись в KOHA:https://koha.lib.tpu.ru/cgi-bin/koha/opac-detail.pl?biblionumber=366764

MARC

LEADER 00000nam0a2200000 4500
001 366764
005 20231102011920.0
035 |a (RuTPU)RU\TPU\retro\24127 
090 |a 366764 
100 |a 20220217d1979 km y0rusy50 ca 
101 0 |a rus 
102 |a RU 
105 |a a z 001zy 
200 1 |a Оптические приборы наведенния и ориентации космические аппаратов  |f Я. М. Ивандиков 
210 |a Москва  |c Машиностроение  |d 1979 
215 |a 208 с.  |c ил. 
320 |a Библиогр.: с. 205-206 
606 1 |a Космические летательные аппараты  |x Наведение  |2 stltpush  |3 (RuTPU)RU\TPU\subj\15839  |9 42046 
610 1 |a оптические приборы 
610 1 |a ориентация 
610 1 |a навигация 
610 1 |a оптико-электронные приборы 
610 1 |a управление 
610 1 |a сближение 
610 1 |a стыковка 
610 1 |a космические полеты 
610 1 |a имитаторы 
675 |a 629.782.05  |v 4 
700 1 |a Ивандиков  |b Я. М.  |g Яков Моисеевич 
801 1 |a RU  |b 63413507  |c 20220217 
942 |c BK